[Event "Challenge"]
[Site "http://www.queenalice.com/game.php?id=1161233"]
[Date "2013.3.15"]
[Round "-"]
[White "leomarques"]
[Black "vivoferreira"]
[Result "0-1"]
[WhiteElo "1340"]
[BlackElo "1622"]

1. e4 e6 2. d4 d5 3. e5 c5 4. Bb5+ Bd7 5. Bxd7+ Nxd7 6. Nf3 h6 7. Nc3 cxd4 8.
Qxd4 a6 9. O-O Ne7 10. Na4 Nc6 11. Qe3 Qc7 12. Re1 Be7 13. Qc3 Bb4 14. Qe3 Bxe1
15. Qxe1 Ncxe5 16. Nxe5 Qxe5 17. Qxe5 Nxe5 18. b3 Rb8 19. Bb2 Nd7 20. Bxg7 Rh7
21. Bb2 e5 22. Re1 f6 23. f4 d4 24. b4 b5 25. Nc5 Nxc5 26. bxc5 Re7 27. fxe5
fxe5 28. Re4 Rc8 29. c3 dxc3 30. Bxc3 Rxc5 31. Bb2 Re6 32. Ba3 Rc2 33. Bb4 Rxa2
0-1

[Event "Challenge"]
[Site "http://www.queenalice.com/game.php?id=1164168"]
[Date "2013.3.24"]
[Round "-"]
[White "myouga"]
[Black "leomarques"]
[Result "0-1"]
[WhiteElo "1478"]
[BlackElo "1306"]

1. d4 d5 2. e3 Nf6 3. c3 Bf5 4. Na3 Nc6 5. Qb3 Rb8 6. Be2 e6 7. Bb5 Be7 8. Nf3
O-O 9. Bxc6 bxc6 10. Qa4 c5 11. Ne5 Qd6 12. Qxa7 cxd4 13. Qxd4 Ne4 14. O-O f6
15. Nd3 Qb6 16. f3 Ng5 17. f4 Qxd4 18. cxd4 Bxd3 19. Rd1 Be2 20. Re1 Ba6 21.
fxg5 Bb4 22. Rd1 Be2 23. Bd2 Bxd1 24. Rxd1 fxg5 25. Nc2 Bxd2 26. Rxd2 Rxb2 27.
a4 Rb1+ 28. Rd1 Rxd1+ 29. Ne1 Rxe1# 0-1

[Event "Ruy López"]
[Site "http://www.queenalice.com/game.php?id=1165392"]
[Date "2013.3.27"]
[Round "3"]
[White "leomarques"]
[Black "mysticchess"]
[Result "1-0"]
[WhiteElo "1336"]
[BlackElo "1665"]

1. e4 e5 2. Qh5 d6 3. Bc4 g6 4. Qf3 Nf6 5. h3 Nbd7 6. Nc3 c6 7. Nge2 Nb6 8. Bb3
d5 9. exd5 Nbxd5 10. O-O Be6 11. d4 Qd6 12. Rd1 e4 13. Nxe4 Nxe4 14. Qxe4 Be7
15. Nf4 Bf5 16. Qf3 O-O 17. Nxd5 cxd5 18. Re1 Be4 19. Qe3 Rae8 20. Qg3 Qb4 21.
c3 Qb6 22. Bh6 Bd6 23. Qe3 Bf5 24. Qxe8 f6 25. Bxd5+ 1-0

[Event "Challenge"]
[Site "http://www.queenalice.com/game.php?id=1168406"]
[Date "2013.4.5"]
[Round "-"]
[White "leomarques"]
[Black "Jhones"]
[Result "0-1"]
[WhiteElo "1376"]
[BlackElo "1415"]

1. e4 e5 2. Qh5 Nf6 3. Qxe5+ Be7 4. Nc3 d6 5. Qg3 Nc6 6. Bc4 O-O 7. d3 Nh5 8.
Qf3 Ne5 9. Qe2 g6 10. Nf3 Bf6 11. Nxe5 Bxe5 12. Qf3 Qe7 13. Nd5 Qd8 14. Bh6 Bg7
15. g4 Bxh6 16. gxh5 Bg7 17. hxg6 fxg6 18. Nf4+ Kh8 19. Rg1 g5 20. Qg3 Rxf4 21.
Qxg5 Qf8 22. Rg3 Rf6 23. O-O-O Bh6 24. Qxh6 Qxh6+ 0-1

[Event "Challenge"]
[Site "http://www.queenalice.com/game.php?id=1176137"]
[Date "2013.4.28"]
[Round "-"]
[White "leomarques"]
[Black "vivoferreira"]
[Result "1-0"]
[WhiteElo "1413"]
[BlackElo "1612"]

1. e4 e6 2. d4 d5 3. e5 c5 4. Nf3 a6 5. Be2 Nc6 6. c3 cxd4 7. cxd4 f6 8. O-O Qc7
9. Bf4 fxe5 10. Nxe5 Bd6 11. Re1 Bxe5 12. Bxe5 Nxe5 13. dxe5 Ne7 14. Nc3 Bd7 15.
Bg4 Ng6 16. Qd4 Rf8 17. Rac1 Rc8 18. Qe3 Qc5 19. Ne4 Qxe3 20. Rxc8+ Bxc8 21.
Nd6+ Ke7 22. Rxe3 b6 23. g3 Nxe5 24. Nxc8+ Kd7 25. Nxb6+ Kd6 26. Bh3 Re8 27. f4
Nc4 28. Nxc4+ dxc4 29. Rc3 Kd5 30. Kf2 1-0

[Event "Ruy López"]
[Site "http://www.queenalice.com/game.php?id=1176906"]
[Date "2013.4.30"]
[Round "4"]
[White "rodrigochess"]
[Black "leomarques"]
[Result "0-1"]
[WhiteElo "1377"]
[BlackElo "1362"]

1. e4 e5 2. Nf3 Nc6 3. Nc3 Bc5 4. Be2 Nf6 5. O-O d5 6. Nxd5 Nxd5 7. exd5 Qxd5 8.
d3 b6 9. Bd2 Bb7 10. c4 Qe6 11. h3 Qg6 12. a3 Nd4 13. Nxe5 Nxe2+ 14. Qxe2 Qxg2#
0-1

[Event "Challenge"]
[Site "http://www.queenalice.com/game.php?id=1177396"]
[Date "2013.5.2"]
[Round "-"]
[White "recchdegomm1"]
[Black "leomarques"]
[Result "0-1"]
[WhiteElo "1315"]
[BlackElo "1379"]

1. e4 e5 2. Nf3 Nc6 3. Bc4 Bc5 4. d3 h6 5. c3 Nf6 6. d4 Nxe4 7. dxc5 Nxc5 8. b4
e4 9. Nd4 Ne5 10. bxc5 Nxc4 11. Qe2 d5 12. f3 O-O 13. fxe4 Re8 14. c6 Rxe4 15.
O-O Rxe2 16. Nxe2 bxc6 17. Bf4 Ba6 18. Nd4 Qh4 19. g3 Qh3 20. Re1 Kh7 21. a4 g5
22. Re7 Ne3 23. Bxe3 Qf1# 0-1

[Event "Challenge"]
[Site "http://www.queenalice.com/game.php?id=1182296"]
[Date "2013.5.17"]
[Round "-"]
[White "recchdegomm1"]
[Black "leomarques"]
[Result "0-1"]
[WhiteElo "1311"]
[BlackElo "1392"]

1. d4 d5 2. Nf3 Nc6 3. Nc3 Nf6 4. Bf4 g6 5. h4 Bg7 6. Nb5 O-O 7. Nxc7 e5 8. Nxa8
exf4 9. e3 Bg4 10. Qd2 fxe3 11. Qc1 exf2+ 12. Kxf2 Ne4+ 13. Ke2 Ng3+ 14. Kd3
Nxh1 15. Be2 Nf2+ 16. Ke3 Bh6+ 17. Ng5 Re8+ 18. Kxf2 Rxe2+ 19. Kg3 Bh5 20. c4
Qd6+ 21. Kh3 Nxd4 22. Qf1 Bxg5 23. Rd1 Qd7+ 24. Kh2 Nf3+ 25. Kg3 Qg4# 0-1

[Event "Challenge"]
[Site "http://www.queenalice.com/game.php?id=1182663"]
[Date "2013.5.19"]
[Round "-"]
[White "genesis10"]
[Black "leomarques"]
[Result "1/2-1/2"]
[WhiteElo "1382"]
[BlackElo "1476"]

1. e4 e5 2. d4 exd4 3. Qxd4 Nc6 4. Qd1 Bc5 5. f3 Nf6 6. a3 a5 7. Ne2 O-O 8. Nbc3
d6 9. Bg5 Be6 10. Nf4 h6 11. Nxe6 fxe6 12. Bh4 b5 13. Nxb5 Rb8 14. h3 g5 15. Bg3
e5 16. Bf2 Bxf2+ 17. Kxf2 Ne7 18. c4 c6 19. Qxd6 cxb5 20. Qxd8 Rfxd8 21. cxb5
Rd2+ 22. Kg1 Rxb2 23. Kh2 Nh5 24. Bc4+ Kg7 25. Rhd1 Rc8 26. Be6 Rcc2 27. Rg1 Nf4
28. Bd7 Ne2 29. Rgb1 Nc3 30. Rxb2 Rxb2 31. Rc1 Nxb5 32. a4 Nd4 33. Rc5 Nxf3+ 34.
Kg3 Nd4 35. Rxe5 Kf6 36. Rxa5 Nec6 37. Bxc6 Nxc6 38. Rf5+ Kg6 39. Rc5 Rb3+ 40.
Kh2 Nd4 41. a5 Nf3+ 42. Kg3 Ne5+ 43. Kh2 Nd3 44. Rc6+ Kf7 45. Rxh6 Ra3 46. Rd6
Nc5 47. Rd5 Nxe4 48. Re5 Ra4 49. Rf5+ Ke6 50. g4 Ra2+ 51. Kg1 Kd6 52. Rb5 Kc6
53. Re5 Ra4 54. Kg2 Ra2+ 55. Kf3 Nd2+ 56. Kg3 Ra3+ 57. Kg2 Nc4 58. Rxg5 Nxa5 59.
Rg6+ Kd7 60. Ra6 Ke7 61. h4 Kf7 62. h5 Kg7 63. g5 Nc4 64. Rxa3 Nxa3 65. Kg3 Nc4
66. Kg4 Nd6 67. Kf4 Nf7 68. g6 Nd6 69. Kg5 Ne4+ 70. Kf5 Nf6 71. Kg5 Ng8 72. Kf5
Nf6 73. Kg5 Ng8 74. Kf5 Ne7+ 75. Kg5 Ng8 76. Kf5 Kh6 77. Kg4 Nf6+ 78. Kf5 Nxh5
79. g7 Nxg7+ 80. Kf6 Nh5+ 81. Kf5 Ng7+ 82. Ke5 Nh5 83. Kf5 Ng7+ 84. Kf6 Nh5+ 85.
Ke5 1/2-1/2

[Event "Challenge"]
[Site "http://www.queenalice.com/game.php?id=1184756"]
[Date "2013.5.25"]
[Round "-"]
[White "genesis10"]
[Black "leomarques"]
[Result "0-1"]
[WhiteElo "1357"]
[BlackElo "1464"]

1. e4 e5 2. d4 exd4 3. Qxd4 Nc6 4. Qd1 Bc5 5. a3 Qh4 6. Qf3 Nd4 7. Qd3 Nf6 8. g3
Qxe4+ 9. Qxe4+ Nxe4 10. Bd3 Nxf2 11. Kxf2 Nxc2+ 12. Be3 Bxe3+ 13. Ke2 Nxa1 14.
Kxe3 O-O 15. Kd2 Nb3+ 16. Kc3 Nc5 17. Ne2 Nxd3 18. Kxd3 d6 19. Rc1 Bf5+ 20. Kd2
c6 21. Nbc3 Rfe8 22. Nd4 Be4 23. Nce2 Re5 24. Kc3 Rc5+ 25. Kd2 Rxc1 26. Kxc1 Re8
27. Nc3 Bg6 28. Kd2 a6 29. b4 Re5 30. h4 h5 31. Nf3 Re7 32. Ng5 f6 33. Nh3 d5
34. Nf4 Be4 35. Nxh5 d4 36. Na4 Bf3 37. Nf4 g5 38. hxg5 fxg5 39. Nd3 Re2+ 40.
Kc1 Rg2 41. Ndc5 b5 42. Nb2 Rxg3 43. Nxa6 Rg1+ 44. Kc2 Be4+ 45. Kd2 g4 46. Nc5
Bd5 47. Ncd3 g3 48. Nf4 g2 49. Nbd3 Ra1 50. Nxg2 Bxg2 51. Ne5 Rxa3 52. Ke1 d3
53. Kd2 Rb3 54. Nxd3 Be4 55. Nc5 Rxb4 56. Ke3 Bd5 57. Kd3 Rc4 58. Na6 b4 59.
Nxb4 Rxb4 60. Kc3 c5 61. Kd3 Re4 62. Kc3 Re3+ 63. Kd2 Rf3 64. Kc2 c4 65. Kc1 Rf2
66. Kd1 c3 67. Kc1 c2 0-1

[Event "Challenge"]
[Site "http://www.queenalice.com/game.php?id=1187225"]
[Date "2013.6.2"]
[Round "-"]
[White "recchdegomm1"]
[Black "leomarques"]
[Result "0-1"]
[WhiteElo "1346"]
[BlackElo "1435"]

1. e4 e5 2. Nf3 Nc6 3. Nc3 Bc5 4. Bc4 Na5 5. Nxe5 Nxc4 6. d3 Nxe5 7. d4 Bb4 8.
dxe5 Qh4 9. g3 Bxc3+ 10. bxc3 Qxe4+ 11. Kd2 Qd5+ 12. Ke2 d6 13. Qxd5 Bg4+ 14. f3
Bc8 15. Rb1 Ne7 16. Qd3 dxe5 17. f4 O-O 18. fxe5 Bg4+ 19. Kf2 b6 20. Qd7 Bxd7
21. Rd1 Rad8 22. Ba3 c5 23. Rd3 Bf5 24. Ke3 Nd5+ 25. Kd2 Bxd3 26. cxd3 f6 27. c4
Nc7 28. Re1 fxe5 29. Rxe5 Rf2+ 30. Kc3 Rxa2 31. Kb3 Rxh2 32. Re7 Rxd3+ 33. Ka4
Nb5 34. cxb5 Ra2 35. Re8+ Kf7 36. Ra8 Raxa3# 0-1

[Event "Challenge"]
[Site "http://www.queenalice.com/game.php?id=1188472"]
[Date "2013.6.6"]
[Round "-"]
[White "vivoferreira"]
[Black "leomarques"]
[Result "0-1"]
[WhiteElo "1574"]
[BlackElo "1493"]

1. e4 e5 2. Nf3 Nc6 3. d4 exd4 4. Nxd4 Qf6 5. Nxc6 Qxc6 6. Bd3 Nf6 7. h3 Nxe4 8.
Qe2 d5 9. f3 Bd7 10. fxe4 O-O-O 11. Be3 dxe4 12. Bc4 f5 13. c3 Bc5 14. Bxc5 Qxc5
15. Na3 a6 16. O-O-O b5 17. Bb3 Kb8 18. Rd5 Qc6 19. Rhd1 Kc8 20. Qd2 b4 21. Nc4
bxc3 22. Qxc3 Be6 23. Rxd8+ Rxd8 24. Rxd8+ Kxd8 25. Ne5 Qxc3+ 26. bxc3 Bxb3 27.
axb3 Ke7 28. Kd2 Ke6 29. Nc6 f4 30. Nd4+ Kd5 31. Nf5 g6 32. Ne7+ Kd6 33. Nc8+
Kd7 34. Na7 g5 35. Ke2 h5 36. c4 g4 37. hxg4 hxg4 38. b4 f3+ 39. gxf3 exf3+ 40.
Kf2 c6 41. b5 a5 42. b6 a4 43. b7 Kc7 44. b8=B+ Kxb8 45. Nxc6+ Kc7 46. Ne5 a3
47. Nd3 a2 0-1

[Event "Challenge"]
[Site "http://www.queenalice.com/game.php?id=1189415"]
[Date "2013.6.9"]
[Round "-"]
[White "leomarques"]
[Black "vivoferreira"]
[Result "1-0"]
[WhiteElo "1441"]
[BlackElo "1608"]

1. e4 e6 2. d4 d5 3. Nc3 Bb4 4. exd5 Bxc3+ 5. bxc3 Qxd5 6. Nf3 a6 7. c4 Qd8 8.
Be2 c6 9. O-O Nf6 10. Bg5 h6 11. Bh4 b6 12. Ne5 Bb7 13. Bh5 g6 14. Qf3 Nbd7 15.
Bg4 g5 16. Bg3 Nxe5 17. Bxe5 Rg8 18. Qxf6 Qxf6 19. Bxf6 Ra7 20. Rae1 Rg6 21. Be5
Bc8 22. Bh5 Rg8 23. Bf6 Rd7 24. Rxe6+ Kf8 25. Rxc6 b5 26. Rxc8+ 1-0

[Event "AUTO-OPEN-2868"]
[Site "http://www.queenalice.com/game.php?id=1192208"]
[Date "2013.6.19"]
[Round "2"]
[White "HILITO"]
[Black "leomarques"]
[Result "1-0"]
[WhiteElo "2095"]
[BlackElo "1445"]

1. e4 e5 2. Nf3 Nc6 3. Bb5 a6 4. Ba4 b5 5. Bb3 Nf6 6. O-O Nxe4 7. Bd5 Nf6 8.
Bxc6 dxc6 9. Nxe5 Bd6 10. Nxc6 Qd7 11. Re1+ Kf8 12. Na5 Bb4 13. Nb3 Bb7 14. c3
Qc6 15. f3 Bc5+ 16. Nxc5 Qxc5+ 17. d4 Qc6 18. Nd2 Ng4 19. Ne4 Nf6 20. Nxf6 Qxf6
21. Be3 Re8 22. Qc2 g5 23. d5 Qg6 24. Qd2 Rd8 25. Bxg5 Rxd5 26. Bh6+ 1-0

[Event "AUTO-OPEN-2868"]
[Site "http://www.queenalice.com/game.php?id=1192209"]
[Date "2013.6.19"]
[Round "2"]
[White "leomarques"]
[Black "HILITO"]
[Result "0-1"]
[WhiteElo "1443"]
[BlackElo "2097"]

1. e4 c6 2. Nf3 d5 3. exd5 cxd5 4. d4 Nc6 5. Nc3 Nf6 6. Ne5 e6 7. Bb5 Bd7 8. O-O
Be7 9. Nxc6 bxc6 10. Ba4 c5 11. Be3 c4 12. Bg5 O-O 13. f4 Bxa4 14. Nxa4 Ne4 15.
Bxe7 Qxe7 16. f5 a5 17. Qg4 exf5 18. Qxf5 Rad8 19. Nb6 Qa7 20. Nxd5 Qxd4+ 21.
Kh1 Rxd5 22. Qf3 f5 23. Rad1 Nf2+ 24. Qxf2 Qxf2 25. Rxf2 Rxd1+ 26. Rf1 Rxf1# 0-1

[Event "AUTO-OPEN-2868"]
[Site "http://www.queenalice.com/game.php?id=1192214"]
[Date "2013.6.19"]
[Round "2"]
[White "JORGESILVA19D"]
[Black "leomarques"]
[Result "1-0"]
[WhiteElo "2207"]
[BlackElo "1437"]

1. e4 e5 2. d4 exd4 3. c3 dxc3 4. Bc4 cxb2 5. Bxb2 d6 6. Nf3 Nf6 7. e5 Ng4 8.
O-O Nxe5 9. Nxe5 dxe5 10. Bxf7+ Ke7 11. Ba3+ 1-0

[Event "AUTO-OPEN-2868"]
[Site "http://www.queenalice.com/game.php?id=1192215"]
[Date "2013.6.19"]
[Round "2"]
[White "leomarques"]
[Black "JORGESILVA19D"]
[Result "0-1"]
[WhiteElo "1447"]
[BlackElo "2192"]

1. e4 c6 2. Nf3 d5 3. exd5 cxd5 4. d4 a6 5. Be2 Bg4 6. h3 Bxf3 7. Bxf3 e6 8. Nc3
Nf6 9. O-O Be7 10. Re1 O-O 11. Bg5 Nbd7 12. Re2 Rc8 13. Qe1 Qb6 14. Be3 Qxb2 15.
Rb1 Qxc3 16. Qxc3 Rxc3 17. Rxb7 Rfc8 18. Bg5 Bd6 19. Bxf6 Nxf6 20. Rb6 Ne8 21.
Rxa6 Rxc2 22. Rxc2 Rxc2 23. g3 Rd2 24. Ra8 Kf8 25. Ra4 Ke7 26. Ra7+ Kf6 27. Bh5
g6 28. Bf3 Rxd4 0-1

[Event "Challenge"]
[Site "http://www.queenalice.com/game.php?id=1202661"]
[Date "2013.7.26"]
[Round "-"]
[White "leomarques"]
[Black "vivoferreira"]
[Result "1-0"]
[WhiteElo "1472"]
[BlackElo "1590"]

1. e4 c5 2. Nf3 e6 3. Nc3 Nc6 4. d4 cxd4 5. Nxd4 Bb4 6. Nxc6 Bxc3+ 7. bxc3 bxc6
8. Bb2 e5 9. Qh5 Nf6 10. Qxe5+ Qe7 11. Qxe7+ Kxe7 12. O-O-O Rb8 13. c4 Nxe4 14.
Re1 f5 15. f3 Re8 16. fxe4 fxe4 17. Rxe4+ Kd8 18. Bd3 g6 19. Rxe8+ Kxe8 20. Re1+
Kf8 21. Re4 Bb7 22. Rh4 Re8 23. Rxh7 c5 24. Bxg6 Re7 25. Rh8# 1-0

[Event "Challenge"]
[Site "http://www.queenalice.com/game.php?id=1211709"]
[Date "2013.8.27"]
[Round "-"]
[White "leomarques"]
[Black "genesis10"]
[Result "0-1"]
[WhiteElo "1489"]
[BlackElo "1680"]

1. e4 e5 2. Qh5 d6 3. Bc4 Qf6 4. Nc3 Be6 5. Nd5 Bxd5 6. Bxd5 c6 7. Bb3 g6 8. Qd1
Nd7 9. d3 O-O-O 10. Nf3 h6 11. Be3 c5 12. Nd2 Ne7 13. Qf3 Qxf3 14. Nxf3 Rh7 15.
h4 Nf6 16. Nh2 a6 17. f3 Nh5 18. Ng4 f5 19. exf5 Nxf5 20. Bd2 Nd4 21. Ba4 b5 22.
Bb3 c4 23. dxc4 bxc4 24. Ba4 Rb7 25. Ba5 Ng3 26. Rh3 Ngf5 27. Bxd8 Kxd8 28. c3
Ne6 29. O-O-O Be7 30. h5 gxh5 31. Rxh5 Bg5+ 32. Kb1 Nf4 33. Rh2 Nd3 34. Rd2 Bxd2
35. Nf6 Nxb2 36. Bc6 Rb6 37. Be4 Ng3 0-1

[Event "Challenge"]
[Site "http://www.queenalice.com/game.php?id=1214030"]
[Date "2013.9.3"]
[Round "-"]
[White "genesis10"]
[Black "leomarques"]
[Result "1-0"]
[WhiteElo "1617"]
[BlackElo "1512"]

1. e4 e5 2. d3 Bc5 3. Nf3 Nc6 4. a3 h6 5. h3 Qf6 6. Nc3 Nd4 7. Be3 Nxf3+ 8. gxf3
Bb6 9. Nd5 Qh4 10. Bxb6 axb6 11. Nxc7+ Kd8 12. Nxa8 Ne7 13. Nxb6 Nc6 14. Nc4 f6
15. c3 Rf8 16. Ne3 Ne7 17. Qa4 f5 18. Ng2 Qh5 19. Be2 Qg6 20. Rg1 fxe4 21. dxe4
d6 22. O-O-O Bxh3 23. Qa8+ Nc8 24. Nf4 Qf6 25. Nxh3 Qh4 26. Rxd6+ Kc7 27. Rxg7+
Kxd6 28. Ng1 Qxf2 29. Rg6+ Kc7 30. Qa5+ Kd7 31. Bb5+ Ke7 32. Qc7# 1-0

[Event "Challenge"]
[Site "http://www.queenalice.com/game.php?id=1219254"]
[Date "2013.9.23"]
[Round "-"]
[White "WeffersoN__Suki"]
[Black "leomarques"]
[Result "1-0"]
[WhiteElo "1862"]
[BlackElo "1502"]

1. e4 e5 2. Bc4 Bc5 3. Qh5 Qf6 4. Nf3 d6 5. d3 g6 6. Qg5 Nc6 7. c3 Na5 8. b4
Nxc4 9. dxc4 Bb6 10. Qg3 h6 11. a4 a5 12. b5 Be6 13. Na3 Bc5 14. Nd2 h5 15. h4
Nh6 16. f3 c6 17. Nc2 Bg4 18. fxg4 Nxg4 19. Rf1 1-0